00438nam a2200145 a 450000500170000000800410001702000180005805000180007610000280009424500660012226000380018830000230022665000210024965000220027020140412111248.0020515s19uu xx 00 eng d a0-307-00301-9 aERbTi43 1989 aGoodman, Joan Elizabeth aTime for bed /cstory and pictures by Joan Elizabeth Goodman. aNew York :bA Golden Book,c1989. a1 v. (unp.) ; ill. aKittensxFiction aBed timexFiction